Máquinas animales (Record no. 137614)

MARC details
000 -LEADER
campo de control de longitud fija 00642nam a2200181 4500
001 - NÚMERO DE CONTROL
campo de control 137614
003 - IDENTIFICADOR DE NÚMERO DE CONTROL
campo de control ES-MaACL
005 - FECHA Y HORA DE LA ÚLTIMA TRANSACCIÓN
campo de control 20230906195416.0
007 - CAMPO FIJO DE DESCRIPCIÓN FÍSICA--INFORMACIÓN GENERAL
campo de control de longitud fija t|
008 - DATOS DE LONGITUD FIJA--INFORMACIÓN GENERAL
campo de control de longitud fija 070214s1944 sp r ||||1| spa d
100 1# - ENTRADA PRINCIPAL--NOMBRE DE PERSONA
Nombre de persona Salazar Mouliáa, Zacarías.
9 (RLIN) 101825
245 10 - MENCIÓN DEL TÍTULO
Título Máquinas animales
Resto del título : (Dinámica zootécnica) /
Mención de responsabilidad, etc. por Zacarías Salazar.
260 ## - PUBLICACIÓN, DISTRIBUCIÓN, ETC.
Lugar de publicación, distribución, etc. Madrid :
Nombre del editor, distribuidor, etc. Ministerio de Agricultura, Sección de Publicaciones, Prensa y Propaganda,
Fecha de publicación, distribución, etc. [1944]
300 ## - DESCRIPCIÓN FÍSICA
Extensión 167 p. :
Otras características físicas il. ;
Dimensiones 22 cm.
710 1# - ENTRADA AGREGADA--NOMBRE DE ENTIDAD CORPORATIVA
Nombre de entidad corporativa o nombre de jurisdicción como elemento de entrada España.
Unidad subordinada Ministerio de Agricultura.
9 (RLIN) 3837
852 ## - LOCALIZACIÓN
Ubicación ES-MaACL
Número de control de estantería 1911-F-11
Sublocalización o colección R.29726
852 ## - LOCALIZACIÓN
Ubicación ES-MaACL
Número de control de estantería 1900-F-14
Sublocalización o colección R.28817
Holdings
Estatus retirado Estado de pérdida Estado de daño No para préstamo Colección Biblioteca de origen Biblioteca actual Ubicación en estantería Fecha de adquisición Fuente de adquisición Total de préstamos Signatura topográfica completa Código de barras Visto por última vez Precio de reemplazo Tipo de ítem Koha
        Colección de folletos Biblioteca del Ateneo de Madrid Biblioteca del Ateneo de Madrid Depósito folletos 17/01/2008     1900-F-14 1143206 23/02/2023 23/02/2023 Folleto
        Colección de folletos Biblioteca del Ateneo de Madrid Biblioteca del Ateneo de Madrid Depósito folletos 17/01/2008     1911-F-11 1143205 23/02/2023 23/02/2023 Folleto